Eu Vocabulary Words - Statistics

General Stats
  • This quiz has been taken 22 times
  • The average score is 12 of 22
Answer Stats
Definition Word % Correct
Not a professional Amateur
91%
Tribute speech at funeral Eulogy
91%
Goodbye Adieu
82%
Blood cancer Leukemia
82%
Fake name Pseudonym
82%
Private car driver Chauffeur
77%
______-de-lis Fleur
73%
Building for exhibits Museum
73%
Archimedes exclamation Eureka
68%
Medieval European system Feudalism
64%
Nerve cell Neuron
64%
Greek Mathematician Euclid
59%
Castrated man Eunuch
59%
Partially sterilize milk Pasteurize
59%
Lung infection Pneumonia
55%
Unbiased Neutral
41%
Gum tree Eucalypt
36%
Intense excitement Euphoria
27%
Used as fuel in engines Petroleum
27%
Female dancer Danseuse
18%
Like an inflamed muscle Rheumatic
5%
Skillful movement Manoeuvre
0%
No matching quizzes found
Score Distribution
Percent of People with Each Score
Percentile by Number Answered
Your Score History
You have not taken this quiz